000 01297nam0a22003251 4500
001 v19\rc\1483980
005 20260405181255.0
035 _a(NLR Aleph) 004616123
090 _a2978524
_c2978524
100 _a20060620d1879 |||y0rusy50 ca
101 1 _arus
_cfre
102 _aRU
105 _ay z |||a|
200 1 _aНочь после бала
_eКомедия в 1-м д.
_fПер. с франц. Н.Н. Максимова
210 _a[Санкт-Петербург]
_cлит. Курочкина
_dценз. 1879
215 _a39 с.
_d23
300 _aАвт. установлены по изд.: История рус. драм. театра, т. 6. М., 1982, с. 479
300 _aЗагл ориг.: "Après le bal"
309 _aНаписано от руки. Литогр.
454 0 _12001#$aAprès le bal
_tAprès le bal
700 1 _aСироден
_bП.
_f1814-1883
_gПоль
701 1 _8rus
_7ca
_aДелакур
_bА. Ш.
_f1817-1883
_gАльфред Шарлеман
_3RU\NLR\AUTH\7778154
_961082
701 1 _aШолер
_bА.Ж.
_f1821-1889
_gАдольф Жозеф
702 1 _aМаксимов
_bН.Н.
_4730
801 0 _aRU
_bNLR
_gpsbo
801 0 _aRU
_bRuMoRGB
_2psbo
801 1 _aRU
_bProSoft-M
_2rusmarc
852 _aNLR
_j18.136.1.266
942 _cBOOK
980 _aNB